ბათუმის შოთა რუსთაველის სახელმწიფო უნივერსიტეტის ბიბლიოთეკა

Производство и использование ароматических углеводородов. (ბიბ.ჩანაწერი № 38239)

000 -LEADER
fixed length control field 00700nam a2200205Ia 4500
001 - CONTROL NUMBER
control field 4229
003 - CONTROL NUMBER IDENTIFIER
control field GE_BSU
008 - FIXED-LENGTH DATA ELEMENTS--GENERAL INFORMATION
fixed length control field 181216s||||||||xx |||||||||||||| ||und||
040 ## - CATALOGING SOURCE
Transcribing agency GE_BSU
080 ## - UNIVERSAL DECIMAL CLASSIFICATION NUMBER
Universal Decimal Classification number 661.715.7
100 ## - MAIN ENTRY--PERSONAL NAME
Personal name Соколов,В.3. Харлампович,Г.Д.
245 ## - TITLE STATEMENT
Title Производство и использование ароматических углеводородов.
245 ## - TITLE STATEMENT
Statement of responsibility, etc. Ред. И.Я. Захарьянц.
260 ## - PUBLICATION, DISTRIBUTION, ETC.
Place of publication, distribution, etc. М.
260 ## - PUBLICATION, DISTRIBUTION, ETC.
Name of publisher, distributor, etc. Химия.
260 ## - PUBLICATION, DISTRIBUTION, ETC.
Date of publication, distribution, etc. 1980.
300 ## - PHYSICAL DESCRIPTION
Extent 336 стр. с илл. 22 см.
653 ## - INDEX TERM--UNCONTROLLED
Uncontrolled term Производство и использование ароматических углеводородов.
942 ## - ADDED ENTRY ELEMENTS (KOHA)
Koha item type წიგნი
ეგზემპლარები
Withdrawn status Lost status Damaged status Not for loan Date acquired Barcode Date last seen Price effective from Koha item type Public note
        2018-12-17 9510 2018-12-17 2018-12-17 წიგნი საცავი